The syntactic class of quantifiers in Haoni de Tuha (notice n° 1744912)
[ vue normale ]
| 000 -LEADER | |
|---|---|
| fixed length control field | 01193cam a2200157 4500500 |
| 005 - DATE AND TIME OF LATEST TRANSACTION | |
| control field | 20260322005020.0 |
| 041 ## - LANGUAGE CODE | |
| Language code of text/sound track or separate title | fre |
| 042 ## - AUTHENTICATION CODE | |
| Authentication code | dc |
| 100 10 - MAIN ENTRY--PERSONAL NAME | |
| Personal name | Sun, Yu |
| Relator term | author |
| 245 00 - TITLE STATEMENT | |
| Title | The syntactic class of quantifiers in Haoni de Tuha |
| 260 ## - PUBLICATION, DISTRIBUTION, ETC. | |
| Date of publication, distribution, etc. | 2025.<br/> |
| 500 ## - GENERAL NOTE | |
| General note | 64 |
| 520 ## - SUMMARY, ETC. | |
| Summary, etc. | This article analyses what is typologically called the numeral classifiers in Tuha Haoni, a dialect of the Honi language which belongs to the Tibeto-Burman branch, spoken in Yunnan Province, China. By applying the functional linguistics of André Martinet, it will be observed that numeral classifiers in this dialect form, with all cardinals and several traditional quantifiers, a sole syntactic unit (a syntheme/unitary complex), primarily as lexical determiners of nouns, such units belong to the syntactic class termed quantifiers. This study thus aims to provide a preliminary description of this syntactic class, including its paradigm, compatibilities, formal constraints, and semantic and discourse meanings. |
| 786 0# - DATA SOURCE ENTRY | |
| Note | La linguistique | 61 | 1 | 2025-09-08 | p. 31-55 | 0075-966X |
| 856 41 - ELECTRONIC LOCATION AND ACCESS | |
| Uniform Resource Identifier | <a href="https://shs.cairn.info/journal-la-linguistique-2025-1-page-31?lang=en&redirect-ssocas=7080">https://shs.cairn.info/journal-la-linguistique-2025-1-page-31?lang=en&redirect-ssocas=7080</a> |
Pas d'exemplaire disponible.




Réseaux sociaux